000 00748nam a2200253 a 4500
001 76915
003 BD-RjUL
005 20211209082914.0
008 200205s1952 enk 000 1 eng
035 _a(BD-RjUL)77139
040 _aDLC
_cDLC
_dDLC
_dBD-RjUL
_beng
041 _aeng
082 _223
_a813.5
_bBUH 1952
100 1 _aBuck, Pearl S.
_q(Pearl Sydenstricker),
_d1892-1973.
_9238888
245 1 4 _aThe hidden flower /
_cby Pearl S. Buck.
260 _aLondon :
_bMethuen & Co.,
_c1952
300 _a238 p.;
_c21 cm.
650 0 _aYoung women
_xFiction.
_9238889
650 0 _aAmericans
_zJapan
_xFiction.
_9238890
651 0 _aJapan
_xFiction.
_9238891
942 _2ddc
_cBK
999 _c76915
_d76915